header

The battle of Bretton Woods (Record no. 34814)

MARC details
000 -LEADER
fixed length control field 01874nam a2200373 a 4500
082 04 - DEWEY DECIMAL CLASSIFICATION NUMBER
Classification number 339.5/3
100 1# - MAIN ENTRY--AUTHOR NAME
Personal name Steil, Benn.
245 14 - TITLE STATEMENT
Title The battle of Bretton Woods
260 ## - PUBLICATION, DISTRIBUTION, ETC. (IMPRINT)
Place of publication Princeton :
Name of publisher Princeton University Press,
Year of publication c2013.
300 ## - PHYSICAL DESCRIPTION
Number of Pages viii, 449 p.
500 ## - GENERAL NOTE
General note "A Council on Foreign Relations Book."
505 0# - FORMATTED CONTENTS NOTE
Formatted contents note Introduction -- The world comes to the White Mountains -- The improbable rise of Harry White -- Maynard Keynes and the monetary menace -- "The most unsordid act" -- The best-laid plans of White and Keynes -- Whitewash -- History is made -- Begging like Fala -- Out with the old order, in with the new -- Epilogue.
650 #0 - SUBJECT ADDED ENTRY--TOPICAL TERM
Topical Term Monetary policy
Topical Term International finance
856 40 - ELECTRONIC LOCATION AND ACCESS
Uniform Resource Identifier http://site.ebrary.com/lib/rucke/Doc?id=10648942

No items available.

© 2026 Rongo University
Contact us: librarian | system librarian | Rongo university